Les queens de Drag Race France 3 - Statistiques

Statistiques générales
  • Ce quiz a été pris 30 fois
  • Le résultat moyen est 8 sur 10
Statistiques - réponses
Classement Queens % Correct
Gagnante Le Filip
96%
Troisième Lula Strega
89%
10e Afrodite Amour
86%
6e Perseo
82%
Troisième Leona Winter
79%
5e Misty Phoenix
79%
Deuxième Ruby on the Nail
79%
8e Edeha Noire
71%
9e Magnetica
71%
7e Norma Bell
68%
Aucun quiz correspondant
Distribution des résultats
% des personnes avec chaque résultat
Percentile par nombre de réponses
Votre historique - résultats
Vous n’avez pas pris ce quiz